Liminar : Estudios Sociales y Humanísiticos : año 4, volumen 4, número 2, diciembre 2006 /

Guardado en:
Detalles Bibliográficos
Otros autores: Villafuerte Solís, Daniel (dirección) (dirección)
Formato: Libro
Idioma:Español
Publicado: Tuxtla Gutiérrez, México : Universidad de Ciencias y Artes de Chiapas, Centro de Estudios Superiores de México y Centroamérica, 2006
Colección:(Liminar: Estudios Sociales y Humanísiticos. Cuarta Serie ; 2)
Temas:
Etiquetas: Agrega una etiqueta
Sin etiquetas, Sé el primero en etiquetar este registro!

MARC

LEADER 00000nam^a2200000^a^4500
001 000631780
005 20260514000000.0
009 20260526154612.45
022 |a 1665-8027 
037 |a Acervo ITESO - Biblioteca 
041 |a ESP 
082 |a 300. 5  |b LIM V. 4 T. 2 
240 1 1 |a [Liminar: Estudios Sociales y Humanísiticos] 
245 0 0 |a Liminar :  |b Estudios Sociales y Humanísiticos : año 4, volumen 4, número 2, diciembre 2006 /  |c Dir. de D. Villafuerte Solís. 
264 1 |a Tuxtla Gutiérrez, México :  |b Universidad de Ciencias y Artes de Chiapas, Centro de Estudios Superiores de México y Centroamérica,  |c 2006 
300 |a 140 p. 
336 |a texto  |b txt  |2 rdacontenido 
337 |a sin mediación  |b n  |2 rdamedio 
338 |a volumen  |b nc  |2 rdasoporte 
440 1 |a (Liminar: Estudios Sociales y Humanísiticos.  |p Cuarta Serie ;  |v 2) 
649 |a XX 
650 |a Antropología -  |x Publicaciones Periódicas -  |x Tema Principal 
650 |a Ciencias Sociales -  |x Publicaciones Periódicas -  |x Tema Principal 
650 |a Publicaciones Periódicas Mexicanas 
650 |a Publicaciones Periódicas 
700 |a Villafuerte Solís, Daniel  |e (dirección) 
910 |a Fondo Castillo-Martínez 
920 |a Impresos - Libros 
930 |a Fondos Especiales 
905 |a 127 
901 |a 631780-10  |b IT2  |c ESP  |i D125214  |u 20260514 
902 |a https://opac.biblio.iteso.mx/vufind/Record/000631780